00246nam a2200109Ia 4500100002300000654001300023245003500036260002400071082002100095300000800116546001200124 aOestereich/ Bernd  acomputer aDeveloping Software with UML bAddison Weslyc1999 a005.133'UMLbBOO a321 aENGLISH